=LDR 00000nam 2200000 4500 =001 INLIS000000000021829 =005 20130612120641 =008 ***********************************Ind** =035 ##$$0010-061300000021829 =041 ##$$a Ind =082 ##$$a 813 =090 ##$$a 813, Yum-o =100 ##$$a YUMADIAWATI, Alia =245 ##$$a Optimis aja, fren, Tips gemilang jadi bintang, Alia Yumadiawati, Didik Hermawan =260 ##$$a 2005 $b Surakarta =300 ##$$a 135 hlm., 18 cm =650 ##$$a Fiksi dewasa-Indonesia =850 ##$$a NBPNMAT